Nombres suédois de 0 à 14 - Statistiques

Statistiques générales
  • Ce quiz a été pris 28 fois
  • Le résultat moyen est 12 sur 15
Statistiques - réponses
Hint Réponse % Correct
1 ett
94%
6 sex
88%
3 tre
88%
8 åtta
82%
5 fem
82%
4 fyra
82%
9 nio
82%
7 sju
82%
10 tio
82%
2 två
82%
13 tretton
71%
11 elva
65%
12 tolv
65%
0 noll
59%
14 fjorton
47%
Aucun quiz correspondant
Distribution des résultats
% des personnes avec chaque résultat
Percentile par nombre de réponses
Votre historique - résultats
Vous n’avez pas pris ce quiz